000 00246nam a22000977a 4500
999 _c16284
_d16284
003 OSt
008 200717b ||||| |||| 00| 0 eng d
100 _aK C Sen
_94671
245 _aNutrilite values Indian cattle feeds/ Feeding of Animals
942 _cBK